[Event "Nordic-ch U20"]
[Site "Fredericia"]
[Date "2020.02.16"]
[Round "6"]
[White "Risting, Eivind Olav"]
[Black "Takala, Jaakko"]
[Result "1-0"]
[WhiteElo "2306"]
[BlackElo "1686"]
[PlyCount "43"]
[EventDate "2020.02.14"]
[EventType "swiss"]
[EventRounds "6"]
[EventCountry "DEN"]
[SourceTitle "EXT 2021"]
[Source "ChessBase"]
[SourceDate "2020.10.23"]
[SourceVersion "1"]
[SourceVersionDate "2020.10.23"]
[SourceQuality "1"]

1. d4 d5 2. c4 e6 3. Nc3 Nf6 4. cxd5 exd5 5. Bg5 Bb4 6. e3 Bf5 7. Qb3 Bxc3+ 8. bxc3 Nbd7 9. Nf3 Nb6 10. a4 a5 11. Bb5+ c6 12. Be2 Rb8 13. 0-0 Nbd7 14. Bf4 Rc8 15. Qxb7 0-0 16. Qb2 Ne4 17. Ba6 Ra8 18. Bb7 Ra7 19. Bxc6 g5 20. Bg3 h5 21. h4 g4 22. Nd2 1-0

[Event "Nordic-ch U20"]
[Site "Fredericia"]
[Date "2020.02.16"]
[Round "4"]
[White "Takala, Jaakko"]
[Black "Morkore, Rogvi"]
[Result "1-0"]
[WhiteElo "1686"]
[BlackElo "1589"]
[PlyCount "117"]
[EventDate "2020.02.14"]
[EventType "swiss"]
[EventRounds "6"]
[EventCountry "DEN"]
[SourceTitle "EXT 2021"]
[Source "ChessBase"]
[SourceDate "2020.10.23"]
[SourceVersion "1"]
[SourceVersionDate "2020.10.23"]
[SourceQuality "1"]

1. e4 e6 2. d4 d5 3. e5 c5 4. c3 Nc6 5. Nf3 Bd7 6. Bd3 cxd4 7. cxd4 Qb6 8. 0-0 Nxd4 9. Nxd4 Qxd4 10. Nc3 a6 11. Re1 Qh4 12. g3 Qd8 13. Qg4 h5 14. Qf3 Bb4 15. Bd2 Bc6 16. Qe2 d4 17. Ne4 Bxe4 18. Bxb4 Bxd3 19. Qxd3 Qd5 20. Re4 Rc8 21. Rd1 Rc4 22. Rxd4 Rxd4 23. Qxd4 Qxd4 24. Rxd4 f6 25. Rd6 Kf7 26. Rd7+ Kg6 27. exf6 Nxf6 28. Rxb7 Rc8 29. Bc3 Rc6 30. Kg2 Kh6 31. h3 Kg6 32. g4 hxg4 33. hxg4 Rc4 34. f3 Rc6 35. Kg3 Rd6 36. Ra7 Rd3 37. Bxf6 gxf6 38. Rxa6 e5 39. Ra4 Kg5 40. Rb4 Rd1 41. a4 f5 42. gxf5 Kxf5 43. a5 Ke6 44. Rb8 Ra1 45. b4 Kd7 46. Kg4 Rg1+ 47. Kf5 Rf1 48. Kxe5 Rxf3 49. a6 Ra3 50. b5 Kc7 51. Rb7+ Kc8 52. Kd6 Rh3 53. Rc7+ Kb8 54. b6 Rh6+ 55. Kc5 Rh8 56. Kb5 Rg8 57. a7+ Ka8 58. Ka6 Rb8 59. axb8Q+ 1-0

[Event "Nordic-ch U20"]
[Site "Fredericia"]
[Date "2020.02.15"]
[Round "3"]
[White "Birkisson, Bardur Orn"]
[Black "Takala, Jaakko"]
[Result "1-0"]
[WhiteElo "2186"]
[BlackElo "1686"]
[PlyCount "61"]
[EventDate "2020.02.14"]
[EventType "swiss"]
[EventRounds "6"]
[EventCountry "DEN"]
[SourceTitle "EXT 2021"]
[Source "ChessBase"]
[SourceDate "2020.10.23"]
[SourceVersion "1"]
[SourceVersionDate "2020.10.23"]
[SourceQuality "1"]

1. d4 d5 2. Bf4 Nf6 3. e3 c5 4. c3 Nc6 5. Nd2 Qb6 6. Qb3 c4 7. Qc2 g6 8. Ngf3 Bf5 9. Qc1 Nh5 10. Bg5 f6 11. Bh4 g5 12. Bg3 Nxg3 13. hxg3 e5 14. dxe5 Nxe5 15. Nxe5 fxe5 16. e4 Bg6 17. Be2 Bc5 18. Rf1 Rf8 19. f3 0-0-0 20. exd5 Rxd5 21. Nxc4 Qd8 22. b4 b5 23. Ne3 Bxe3 24. Qxe3 Qc7 25. a4 bxa4 26. Rxa4 Rfd8 27. Rxa7 Qd6 28. Ba6+ Kb8 29. Rb7+ Kc8 30. Rc7+ Kxc7 31. Qa7+ 1-0

[Event "Nordic-ch U20"]
[Site "Fredericia"]
[Date "2020.02.14"]
[Round "1"]
[White "Takala, Jaakko"]
[Black "Heimisson, Hilmir Freyr"]
[Result "0-1"]
[WhiteElo "1686"]
[BlackElo "2250"]
[PlyCount "44"]
[EventDate "2020.02.14"]
[EventType "swiss"]
[EventRounds "6"]
[EventCountry "DEN"]
[SourceTitle "EXT 2021"]
[Source "ChessBase"]
[SourceDate "2020.10.23"]
[SourceVersion "1"]
[SourceVersionDate "2020.10.23"]
[SourceQuality "1"]

1. e4 c5 2. Nf3 Nc6 3. d4 cxd4 4. Nxd4 e5 5. Nxc6 bxc6 6. Nc3 Nf6 7. Bg5 h6 8. Bxf6 Qxf6 9. Bc4 Bc5 10. Qd2 Qg5 11. Qxg5 hxg5 12. Na4 Be7 13. 0-0-0 g4 14. Rd3 g6 15. f3 f5 16. Kd1 gxf3 17. gxf3 Rh4 18. Re3 d5 19. Bd3 Bg5 20. Re2 fxe4 21. fxe4 Bg4 22. exd5 Bxe2+ 0-1